Probability and Random Processes (Record no. 478604)

000 -LEADER
fixed length control field 01371cam a2200337 a 4500
001 - CONTROL NUMBER
control field 12399800
003 - CONTROL NUMBER IDENTIFIER
control field NUST
005 - DATE AND TIME OF LATEST TRANSACTION
control field 20180606035331.0
008 - FIXED-LENGTH DATA ELEMENTS--GENERAL INFORMATION
fixed length control field 010504s2001 enka b 001 0 eng
010 ## - LIBRARY OF CONGRESS CONTROL NUMBER
LC control number 2001034061
020 ## - INTERNATIONAL STANDARD BOOK NUMBER
International Standard Book Number 0198572239 (hbk. : acid free paper)
020 ## - INTERNATIONAL STANDARD BOOK NUMBER
International Standard Book Number 0198572220 (pbk. : acidfree paper)
038 ## - RECORD CONTENT LICENSOR
Staff Name SNS Library
040 ## - CATALOGING SOURCE
Original cataloging agency DLC
Transcribing agency DLC
Modifying agency DLC
050 00 - LIBRARY OF CONGRESS CALL NUMBER
Classification number QA273
Item number .G74 2001
082 00 - DEWEY DECIMAL CLASSIFICATION NUMBER
Classification number 519.2 GRI 2001
Edition number 21
100 1# - MAIN ENTRY--PERSONAL NAME
Personal name Geoffrey R. Grimmett,
9 (RLIN) 11030
245 10 - TITLE STATEMENT
Title Probability and Random Processes
Statement of responsibility, etc. Geoffrey R. Grimmett and David R. Stirzaker.
250 ## - EDITION STATEMENT
Edition statement 3rd ed.
260 ## - PUBLICATION, DISTRIBUTION, ETC.
Place of publication, distribution, etc. Oxford ;
-- New York :
Name of publisher, distributor, etc. Oxford University Press,
Date of publication, distribution, etc. 2001.
300 ## - PHYSICAL DESCRIPTION
Extent xii, 596 p. :
Other physical details ill. ; Hb.
Dimensions 25 cm.
504 ## - BIBLIOGRAPHY, ETC. NOTE
Bibliography, etc. note Includes bibliographical references (p. [580]-582) and index.
650 #0 - SUBJECT ADDED ENTRY--TOPICAL TERM
Topical term or geographic name entry element Probabilities.
9 (RLIN) 79
650 #0 - SUBJECT ADDED ENTRY--TOPICAL TERM
Topical term or geographic name entry element Stochastic processes.
9 (RLIN) 10957
700 1# - ADDED ENTRY--PERSONAL NAME
Personal name Stirzaker, David.
9 (RLIN) 11031
856 41 - ELECTRONIC LOCATION AND ACCESS
Materials specified Table of contents only
Uniform Resource Identifier <a href="http://www.loc.gov/catdir/enhancements/fy0612/2001034061-t.html">http://www.loc.gov/catdir/enhancements/fy0612/2001034061-t.html</a>
856 42 - ELECTRONIC LOCATION AND ACCESS
Materials specified Publisher description
Uniform Resource Identifier <a href="http://www.loc.gov/catdir/enhancements/fy0612/2001034061-d.html">http://www.loc.gov/catdir/enhancements/fy0612/2001034061-d.html</a>
906 ## - LOCAL DATA ELEMENT F, LDF (RLIN)
a 7
b cbc
c orignew
d 1
e ocip
f 20
g y-gencatlg
942 ## - ADDED ENTRY ELEMENTS (KOHA)
Source of classification or shelving scheme
Koha item type Book
Holdings
Withdrawn status Lost status Source of classification or shelving scheme Damaged status Not for loan Permanent Location Current Location Date acquired Total Checkouts Total Renewals Full call number Barcode Date last seen Date last checked out Price effective from Koha item type
          School of Natural Sciences (SNS) School of Natural Sciences (SNS) 06/06/2018 2 1 519.2 GRI 2001 SNS0002602 11/22/2021 11/01/2021 06/06/2018 Book
© 2023 Central Library, National University of Sciences and Technology. All Rights Reserved.